Mixed Word: Mystery Theme Quiz Stats

 Plays Quiz Updated Sep 28, 2017

Score 0/22 Timer 03:00
0 Plays Today
Mixed Word Answer % Correct
YKEKey
99.7%
NURRun
98.1%
ASBEBase
97.5%
MORORoom
97.2%
GAEPPage
95.9%
NALDLand
95.6%
OWNTTown
95%
BWERBrew
93.8%
RKOWWork
93.7%
MVOEIMovie
93.5%
KSCISick
93.3%
Mixed Word Answer % Correct
OOCKEDCooked
89%
STRTCHEStretch
88.5%
NFOTRFront
83%
CHOLOSSchool
82.3%
MINCOGComing
70.6%
GUNDROGround
67.6%
BILMOEMobile
62.6%
DOIVEVideo
58.9%
IOCFEFOffice
55%
SURGINNNursing
38.6%
Common Bond:Home
35.3%

You're not logged in!

Compare scores with friends on all Sporcle quizzes.
OR
Log In

Sporcle TV

Today on Sporcle TV


Watch our educational content, quiz creation guides, and fun videos on Sporcle TV.

Show Comments

Extras

Top Quizzes Today


Score Distribution

Your Account Isn't Verified!

In order to create a playlist on Sporcle, you need to verify the email address you used during registration. Go to your Sporcle Settings to finish the process.

Report this User

Report this user for behavior that violates our Community Guidelines.

Details: